Patnáctiletý kapitán /

Hlavní autor: Verne, Jules, 1828-1905
Další autoři: Smetanová, Věra, 1922-1967, Bouček, Jaroslav, 1923-2001, Meyer, H., Barbant, Charles, 1844-1921
Jazyk: Čeština
Vydáno: Praha : Mladá fronta, 1953
Vydání: 1. vyd.
Edice: Verne, Jules, 1828-1905. Spisy (Mladá fronta)
Témata:
Externí odkaz: Digitalizovaný dokument
Fyzický popis: 281 s. : il. ; 25 cm
Knihy
Uloženo v:
LEADER 02007nam a22004692a 4500
001 000785217
003 CZ BrMZK
005 20181129141834.0
007 ta
008 050808s1953 xr a c |||||||| f|cze d
015 |a cnb000151939 
020 |q (Váz.) 
040 |a ABA001  |b cze 
041 1 |a cze  |h fre 
072 7 |a 821.133.1-3  |x Francouzská próza, francouzsky psaná  |2 Konspekt  |9 25 
072 7 |a 821-93  |x Literatura pro děti a mládež (beletrie)  |2 Konspekt  |9 26 
080 |a 821.133.1-31  |2 MRF 
080 |a 821-93  |2 MRF 
080 |a (0:82-311.3)  |2 MRF 
100 1 |a Verne, Jules,  |d 1828-1905  |7 jn19990008769  |4 aut 
245 1 0 |a Patnáctiletý kapitán /  |c Jules Verne ; původní ilustrace H. Meyera v rytinách Ch. Barbanta ; [z francouzštiny přeložila Věra Smetanová ; doslov Jaroslav Bouček] 
250 |a 1. vyd. 
260 |a Praha :  |b Mladá fronta,  |c 1953 
300 |a 281 s. :  |b il. ;  |c 25 cm 
490 1 |a Spisy Julese Verna ;  |v sv. 1 
655 7 |a francouzské romány  |7 fd132289  |2 czenas 
655 7 |a dobrodružné romány  |7 fd132061  |2 czenas 
655 7 |a publikace pro mládež  |7 fd133157  |2 czenas 
765 0 |t Capitaine de quinze ans  |9 Česky 
700 1 |a Smetanová, Věra,  |d 1922-1967  |7 jk01120076  |4 trl 
700 1 |a Bouček, Jaroslav,  |d 1923-2001  |7 jk01012779  |4 wfw 
700 1 |a Meyer, H.  |4 ill 
700 1 |a Barbant, Charles,  |d 1844-1921  |7 xx0013436  |4 ill 
800 1 |a Verne, Jules,  |d 1828-1905.  |t Spisy (Mladá fronta)  |0 s 
856 4 1 |u http://www.digitalniknihovna.cz/mzk/uuid/uuid:387c0e90-8c9b-11e2-a920-005056827e51  |y Digitalizovaný dokument  |x NDK 
910 |a BOA001  |b 2-0315.184  |b PK-0005.813 
920 |a 000748004 
990 |a BK 
991 |b 200508 
996 6 |b 2618814075  |c 2-0315.184  |l MZK  |r Sklad / do 24 hodin  |n 0  |w 000785217  |u 000020  |a 1  |e BOA001  |j MZK50  |s P 
996 7 |b 2619220489  |c 2-0315.184  |l MZK  |r Sklad / do 24 hodin  |n 2  |w 000785217  |u 000010  |a 1  |e BOA001  |j MZK50  |s A 
996 7 |b 3119656333  |c PK-0005.813  |l MZK  |r Sklad / do 1 hodiny  |n 1  |w 000785217  |u 000030  |a 1  |e BOA001  |j MZK50  |s A